Métaphysique / (Record no. 25756)

MARC details
000 -LEADER
campo de control de longitud fija 00796nam a2200241 i 4500
001 - NÚMERO DE CONTROL
campo de control 25756
003 - IDENTIFICADOR DE NÚMERO DE CONTROL
campo de control ES-MaACL
005 - FECHA Y HORA DE LA ÚLTIMA TRANSACCIÓN
campo de control 20250805063229.0
007 - CAMPO FIJO DE DESCRIPCIÓN FÍSICA--INFORMACIÓN GENERAL
campo de control de longitud fija t|
008 - DATOS DE LONGITUD FIJA--INFORMACIÓN GENERAL
campo de control de longitud fija 030102s1933 fr ||||1| fre d
080 ## - NÚMERO DE LA CLASIFICACIÓN DECIMAL UNIVERSAL
Número de la Clasificación Decimal Universal 111(02)"-03"
100 0# - ENTRADA PRINCIPAL--NOMBRE DE PERSONA
Nombre de persona Aristóteles
9 (RLIN) 22861
245 10 - MENCIÓN DEL TÍTULO
Título Métaphysique /
Mención de responsabilidad, etc. Aristóteles ; traduction nouvelle et notes par J. Tricot ; préface de A. Diés.
260 ## - PUBLICACIÓN, DISTRIBUCIÓN, ETC.
Lugar de publicación, distribución, etc. París :
Nombre del editor, distribuidor, etc. Lib. Philosophique J. Vrin,
Fecha de publicación, distribución, etc. 1933 (
Fabricante Liége G. Thone)
300 ## - DESCRIPCIÓN FÍSICA
Extensión 2 v. ;
Dimensiones 19 cm.
490 1# - MENCIÓN DE SERIE
Mención de serie Bibliothèque des textes philosophiques
650 #7 - PUNTO DE ACCESO ADICIONAL DE MATERIA--TÉRMINO DE MATERIA
Término de materia o nombre geográfico como elemento de entrada Metafísica
Fuente del encabezamiento o término embne
9 (RLIN) 15012
700 1# - ENTRADA AGREGADA--NOMBRE PERSONAL
Nombre de persona Tricot, J.
9 (RLIN) 111394
700 1# - ENTRADA AGREGADA--NOMBRE PERSONAL
Nombre de persona Diés, A.
9 (RLIN) 44611
830 0# - PUNTO DE ACCESO ADICIONAL DE SERIE-TÍTULO UNIFORME
Título uniforme Bibliothèque des textes philosophiques
9 (RLIN) 182654
852 ## - LOCALIZACIÓN
Ubicación ES-MaACL
Número de control de estantería B-7380-81
Holdings
Estatus retirado Estado de pérdida Estado de daño No para préstamo Biblioteca de origen Biblioteca actual Ubicación en estantería Fecha de adquisición Fuente de adquisición Total de préstamos Signatura topográfica completa Código de barras Visto por última vez Precio de reemplazo Tipo de ítem Koha
        Biblioteca del Ateneo de Madrid Biblioteca del Ateneo de Madrid Sala Pardo Bazán 17/01/2008     B-7380-81 1026566 23/02/2023 23/02/2023 Libro impreso